000
nam a22 7a 4500
999
_c
49918
_d
49918
003
OSt
005
20200319095048.0
008
200319b xxu||||| |||| 00| 0 eng d
040
_c
sero soft
100
_a
SHARMA B.L.
245
_a
GHRA VIGYAN SHIKSHAN
250
_a
NEW
260
_a
MEERUT
_b
R.LALL
300
_a
336
942
_2
ddc
_c
01